Patricio Guzmán /
Patricio Guzmán (Santiago, 1941), cineasta chileno, autor del célebre documental La batalla de Chile (1975-1978), en el que ofrece testimonio de la situación del país durante el gobierno de Salvador Allende y la toma del poder por parte de los militares encabezados por Augusto Pinochet. El texto pre...
Guardado en:
| Autor principal: | |
|---|---|
| Formato: | Libro |
| Idioma: | Español |
| Publicado: |
Madrid, España :
Cátedra,
2001, c2001
|
| Colección: | (Signo e Imagen. Cineastas ;
53. Latinoamericanos) (Signo e Imagen. Filmoteca Española) |
| Temas: | |
| Etiquetas: |
Sin etiquetas, Sé el primero en etiquetar este registro!
|
MARC
| LEADER | 00000nam^a2200000^a^4500 | ||
|---|---|---|---|
| 001 | 000144380 | ||
| 005 | 20250521000000.0 | ||
| 009 | 20260310095757.053 | ||
| 020 | |a 84-376-1903-3 | ||
| 037 | |a Acervo ITESO - Biblioteca | ||
| 041 | |a ESP | ||
| 082 | |a 302. 23509 |b CAT V. 53 | ||
| 100 | |a Ruffinelli, Jorge |e (autor) | ||
| 245 | 1 | 0 | |a Patricio Guzmán / |c J. Ruffinelli. |
| 264 | 4 | |a Madrid, España : |b Cátedra, |c 2001, c2001 | |
| 300 | |a 437 p. | ||
| 336 | |a texto |b txt |2 rdacontenido | ||
| 337 | |a sin mediación |b n |2 rdamedio | ||
| 338 | |a volumen |b nc |2 rdasoporte | ||
| 440 | 1 | |a (Signo e Imagen. |p Cineastas ; |v 53. Latinoamericanos) | |
| 440 | 1 | |a (Signo e Imagen. |p Filmoteca Española) | |
| 520 | |a Patricio Guzmán (Santiago, 1941), cineasta chileno, autor del célebre documental La batalla de Chile (1975-1978), en el que ofrece testimonio de la situación del país durante el gobierno de Salvador Allende y la toma del poder por parte de los militares encabezados por Augusto Pinochet. El texto presente reconstruye la evolución creativa de Guzmán, que permite situarle como el mejor documentalista de su país. Incluye un texto del propio cineasta sobre el documental y una filmografía y bibliografía del creador. | ||
| 585 | |a Exposición DIA 2023-09 / A 50 años del golpe de Estado: Chile e ITESO, convergencias con la dignidad y la memoria | ||
| 649 | |a XX | ||
| 650 | |a Cineastas Chilenos | ||
| 650 | |a Documentales - |z Chile - |x Historia y Crítica | ||
| 650 | |a Cine Chileno - |x Historia y Crítica | ||
| 650 | |a Cine Chileno - |y Siglo XX | ||
| 650 | |a Comunicación y Política - |z Chile - |x Historia - |y Siglo XX | ||
| 650 | |a Chile - |x Condiciones Políticas | ||
| 650 | |a Política - |z Chile - |x Historia - |y 1970-1973 | ||
| 650 | |a Política - |z Chile - |x Historia - |y 1973-1990 | ||
| 650 | |a Política - |z Chile - |x Historia - |y Siglo XX | ||
| 650 | |a Guzmán, Patricio - |x Tema Principal | ||
| 910 | |a Fondo General | ||
| 920 | |a Impresos - Libros | ||
| 930 | |a Colección General | ||
| 905 | |a 101 | ||
| 901 | |a 0500073349 |b IT1 |c ACC |u 20250521 | ||
| 902 | |a https://opac.biblio.iteso.mx/vufind/Record/000144380 | ||